Anorexia, bulimia, salud y juventud : jornadas celebradas del 13 al 24 de noviembre de 2000 / Coord. de la Real Sociedad Bascongada de los Amigos del País.

Сохранить в:
Библиографические подробности
Соавтор: Jornadas sobre Anorexia, Bulimia, Salud y Juventud ( Bilbao, España)
Другие авторы: Real Sociedad Bascongada de los Amigos del País (coordinación) (coordinación)
Формат: Материалы конференции
Язык:испанский
Опубликовано: Bilbao, España : Universidad del País Vasco, 2000, c2000
Предметы:
Метки: Добавить метку
Нет меток, Требуется 1-ая метка записи!

MARC

LEADER 00000nam^a2200000^a^4500
001 000145213
005 20250521000000.0
009 20260310095828.805
020 |a 84-8373-285-8 
037 |a Acervo ITESO - Biblioteca 
041 |a ESP 
082 |a 616. 8526  |b JOR 2000 
111 |a Jornadas sobre Anorexia, Bulimia, Salud y Juventud (  |d 2000 :  |c Bilbao, España) 
245 1 0 |a Anorexia, bulimia, salud y juventud :  |b jornadas celebradas del 13 al 24 de noviembre de 2000 / Coord. de la Real Sociedad Bascongada de los Amigos del País. 
264 4 |a Bilbao, España :  |b Universidad del País Vasco,  |c 2000, c2000 
300 |a 159 p. 
336 |a texto  |b txt  |2 rdacontenido 
337 |a sin mediación  |b n  |2 rdamedio 
338 |a volumen  |b nc  |2 rdasoporte 
649 |a XX 
650 |a Jóvenes -  |x Condiciones Sociales y Culturales 
650 |a Anorexia Nerviosa 
650 |a Bulimia 
650 |a Trastornos de la Alimentación 
650 |a Imagen Corporal 
650 |a Imagen Personal 
650 |a Psicopatología 
650 |a Psicoterapia 
650 |a Psicología Clínica 
700 |a Real Sociedad Bascongada de los Amigos del País  |e (coordinación) 
910 |a Fondo General 
920 |a Impresos - Libros 
930 |a Colección General 
905 |a 101 
901 |a 0500074645  |b IT1  |c ACC  |u 20250521 
901 |a 0500077611  |b IT1  |c ACC  |u 20250521 
902 |a https://opac.biblio.iteso.mx/vufind/Record/000145213